Nickelodeon Live Action Shows - Statistics

General Stats
  • This quiz has been taken 84 times
  • The average score is 7 of 20
Answer Stats
Hint Answer % Correct
Sketch Comedy Like SNL All That
85%
Spin Off of Last Answer Starring Two Buddies (Orange Soda) Kenan and Kel
67%
Scary Stories Are You Afraid of the Dark?
63%
Teens Change into Animals Animorphs
51%
Two Ginger Brothers The Adventures of Pete and Pete
51%
Girl With an Annoying Brother Always Breaks the 4th Wall Clarissa Explains It All
42%
Puppet Cousin Cousin Skeeter
40%
Summer Camp Salute Your Shorts
40%
A Girl That Can Morph into Goo The Secret World of Alex Mack
37%
Bar None Ranch in AZ Hey Dude
36%
Girl Solves Mysteries The Mystery Files of Shelby Woo
22%
Weird Variety Show Set in a Puppet City With Audience Participation Weinerville
21%
The Pie Pod! What Would You Do?
21%
Alfie and Dee Dee with Pal Goo My Brother and Me
19%
Originally Canadian, Introduced Slime You Can't Do That On Television
18%
Musical Variety and Comedy Show The Roundhouse
15%
Young Alien Stranded on Earth The Journey of Allen Strange
13%
Man is Turned into a Dog for Bad Deeds 100 Deeds for Eddie McDowd
12%
Misfit Students Stranded in Space Space Cases
12%
Highschool Students vs. Vice Principal Welcome Freshmen
9%
No matching quizzes found
Score Distribution
Percent of People with Each Score
Percentile by Number Answered
Your Score History
You have not taken this quiz